000
00374nam a22001577a 4500
003
MPLRDC
005
20220104113844.0
008
210129b ||||| |||| 00| 0 eng d
082
_a
848.1 LSQ-8 c.2
100
_a
梁实秋著
245
_a
槐园梦忆
_c
260
_a
_b
远东图书公司
_c
1990
300
_b
平
650
_a
现代别集
942
_c
BK
_o
848.1 LSQ-8 c.2
999
_c
2892
_d
2882